Detalles MARC
| 000 -LIDER |
| fixed length control field |
03377nam a2200289 a 4500 |
| 001 - NÚMERO DE CONTROL |
| Identificador de número de control |
000007003 |
| 003 - IDENTIFICACDOR DE NÚMERO DE CONTROL |
| control field |
DO-SdBNP |
| 005 - DATE AND TIME OF LATEST TRANSACTION |
| control field |
20240118073959.0 |
| 007 - CAMPOS FIJOS DE DESCRIPCIÓN FÍSICA |
| fixed length control field |
000007003 |
| 008 - ELEMENTOS DE LONGITUD FIJA |
| fixed length control field |
090904t1991 dr 001 0 spa d |
| 040 ## - FUENTE DE CATALOGACIÓN |
| Agencia que crea de manera original el registro |
BPMSU |
| Idioma de catalogación |
spa |
| Agencia que realiza la transcripción |
BPMSU |
| 082 ## - NÚMERO DE CLASIFICACIÓN DECIMAL DE DEWEY |
| Classification number |
RD860.4409 |
| Item number |
R789v 1991 |
| Edition number |
22 |
| 100 1# - ASIENTO PRINCIPAL -- NOMBRE PERSONAL |
| Nombre personal |
Rosario Candelier, Bruno, |
| Fechas asociadas con el nombre |
1941- |
| 245 10 - MENCIÓN DE TITULO |
| Título |
Valores de las letras dominicanas / |
| Mención de responsabilidad |
Bruno Rosario Candelier. |
| 260 ## - PUBLICACIÓN, DISTRIBUCIÓN, ETC. (PIE DE IMPRENTA) |
| Lugar de publicación, distribución, etc |
Santiago de los Caballeros, República Dominicana : |
| Nombre del editor, distribuidor, etc. |
PUCMM, |
| Fecha de publicación, distribución, etc |
1991. |
| 300 ## - DESCRIPCIÓN FÍSICA |
| Extensión |
433 p. ; |
| Dimensiones |
23 cm. |
| 490 0# - MENCIÓN DE SERIES |
| Mención de serie |
Catedras |
| 500 ## - NOTA GENERAL |
| Nota general |
Incluye datos biográficos del autor en la contracubierta. |
| 505 0# - NOTA DE CONTENIDO |
| Título |
Introducción : |
| -- |
Las generaciones literarias dominicanas -- |
| Información miscelánea |
LÍRICA -- |
| Título |
Tendencias y agrupaciones poéticas dominicanas -- |
| -- |
Emilio García Godoy : memoranzas y poemas -- |
| -- |
Domingo Moreno Jimenes, vínculo de los eterno -- |
| -- |
Manuel del Cabral, poeta social y metafísico -- |
| -- |
Tomás Morel en el corazón del folklore -- |
| -- |
Octavio Guzmán Carretero, un lírico socio-realista -- |
| -- |
Franklin Mieses Burgos, un barroco transcendente -- |
| -- |
Mariano Lebrón Saviñón, un lírico neoromántico -- |
| -- |
Antonio Fernández Spencer y su cosmovisión poética -- |
| -- |
Manuel Valerio o la metafísica de su pasión interior -- |
| -- |
Manuel Rueda, entre la tradición y la renovación -- |
| -- |
Freddy Gatón Arce o la búsqueda de la identidad nacional -- |
| -- |
Víctor Villegas o la revelación de un desgarramiento -- |
| -- |
Cayo Cláudio Espinal, creador de una nueva sensibilidad -- |
| -- |
José Enrique García o la aventura visionaria del fabulador -- |
| -- |
Enriquillo Sánchez, un poeta fluvial y luminoso -- |
| -- |
Pedro José Gris y su lírica reflexiva -- |
| -- |
José Mármol: pensamiento y poesía -- |
| -- |
Julio Adames o el temblor primigenio de su creación -- |
| -- |
Carmen Sánchez o el aliento poético con vibración canora. |
| 505 0# - NOTA DE CONTENIDO |
| Información miscelánea |
NARRATIVA -- |
| Título |
El cuento en Santo Domingo -- |
| -- |
La cuentística de Juan Bosch -- |
| -- |
Amiama, el terrateniente o la nostalgia de la tierra -- |
| -- |
Hilma Contreras: el aliento emocional de una cuentística -- |
| -- |
Aída Cartagena: el aporte de Escalera para Electra -- |
| -- |
Virgilio Díaz Grullón: el espejo de la apelacin interior -- |
| -- |
Deive, las desvastaciones o las caracterización epocal -- |
| -- |
Marcio Veloz Maggiolo en la fantasía del amor -- |
| -- |
Aída Bonnelly y sus variaciones sensoriales -- |
| -- |
Diógenes Valdez y la creación metanarrativa -- |
| -- |
José Alcántara Almánzar y su reclamo narrativo -- |
| -- |
Bernardo Vega: historia y ficción en Domini Canes -- |
| -- |
La narrativa de Roberto Marcallé Abréu -- |
| -- |
Johanna Goede: una nueva veta creadora -- |
| Información miscelánea |
CRÍTICA Y ENSAYO -- |
| Título |
Generaciones y tendencias críticas dominicanas -- |
| -- |
La República Dominicana de Enrique Deschamps -- |
| -- |
Pedro Henríquez Ureña: Filólogo de América -- |
| -- |
Joaquín Balaguer: Las bases de una crítica retórica -- |
| -- |
Juan Bosch: Biografía de David con reflexión estética y moral -- |
| -- |
Una confluencia singular: Rubén Darío y Santo Domingo -- |
| -- |
Antología de mujeres poetas de Daysi Cocco -- |
| -- |
El negro en la poesía dominicana, de Vicenta Caamaño -- |
| -- |
Manuel Núñez: Historia, cultura y nación. |
| 590 ## - NOTA LOCAL |
| Texto de la nota local |
Inventariado, 2024/VM |
| 650 #4 - ENCABEZAMIENTO DE MATERIA--TEMÁTICO |
| Término temático o nombre geográfico como elemento de entrada |
Literatura dominicana |
| Subdivisión temática general |
Historia y crítica |
| 650 #4 - ENCABEZAMIENTO DE MATERIA--TEMÁTICO |
| Término temático o nombre geográfico como elemento de entrada |
Autores dominicanos |
| Subdivisión temática general |
Crítica e interpretación |
| 710 2# - ASIENTO SECUNDARIO -- NOMBRE CORPORATIVO |
| Nombre corporativo o de jurisdicción |
Pontificia Universidad Católica Madre y Maestra (República Dominicana) |
| 910 ## - VALIDACIÓN |
| Validación |
VMateo V./Validado. Control de calidad EMS. |
| 942 ## - ADDED ENTRY ELEMENTS (KOHA) |
| Source of classification or shelving scheme |
Dewey Decimal Classification |
| Koha item type |
Libros |